Top 10 Countries by Category #6 - Statistics

General Stats
  • This quiz has been taken 96 times
  • The average score is 37 of 60
Answer Stats
Hint Rank Answer Value if Applicable % Correct
Yearly Reading Hours 3 China 416.0
99%
Most Troops 1 China 2,185,000
99%
Most Troops 3 United States 1,328,000
99%
Most Troops 5 Russia 1,154,000
94%
Yearly Reading Hours 1 India 556.4
93%
Most Troops 2 India 1,455,550
93%
Most Troops 4 North Korea 1,280,000
88%
Youngest Leaders (In Years Old) 8 North Korea 39
88%
Most Troops 8 South Korea 599,000
85%
Skyscrapers per Capita 9 South Korea 5.33
85%
Dates Production (In Tons) 6 United Arab Emirates 533,701
84%
Skyscrapers per Capita 1 United Arab Emirates 33.40
84%
Yearly Reading Hours 8 France 358.8
83%
Skyscrapers per Capita 4 Singapore 15.8
83%
Dates Production (In Tons) 3 Saudi Arabia 836,983
81%
Yearly Reading Hours 9 Saudi Arabia 353.6
81%
Oldest Leaders (In Years Old) 2 Saudi Arabia 88
81%
Youngest Leaders (In Years Old) 6 Saudi Arabia 37
81%
Dates Production (In Tons) 2 Iran 947,089
80%
Most Troops 7 Iran 610,000
80%
Oldest Leaders (In Years Old) 5 Iran 85
80%
Dates Production (In Tons) 1 Egypt 1,084,529
77%
Yearly Reading Hours 5 Egypt 390.0
77%
Most Troops 10 Egypt 438,500
77%
Dates Production (In Tons) 5 Pakistan 556,608
77%
Most Troops 6 Pakistan 654,000
77%
Skyscrapers per Capita 3 Qatar 17.4
77%
Skyscrapers per Capita 8 Australia 5.44
74%
Dates Production (In Tons) 4 Iraq 675,440
73%
Skyscrapers per Capita 6 Bahrain 12.2
70%
Yearly Reading Hours 7 Sweden 369.2
70%
Oldest Leaders (In Years Old) 6 Kuwait 84
67%
Skyscrapers per Capita 10 Kuwait 3.96
67%
Oldest Leaders (In Years Old) 4 Norway 87
65%
Oldest Leaders (In Years Old) 8 Italy 83
64%
Dates Production (In Tons) 10 Oman 239,397
64%
Youngest Leaders (In Years Old) 5 Finland 37
60%
Skyscrapers per Capita 2 Monaco 27.8
59%
Yearly Reading Hours 2 Thailand 488.8
58%
Most Troops 9 Vietnam 482,000
57%
Dates Production (In Tons) 7 Argentina 485,415
56%
Skyscrapers per Capita 7 Malaysia 7.79
53%
Oldest Leaders (In Years Old) 7 Ireland 83
51%
Youngest Leaders (In Years Old) 2 Ireland 36
51%
Yearly Reading Hours 4 Philippines 395.2
44%
Youngest Leaders (In Years Old) 3 Chile 36
42%
Dates Production (In Tons) 8 Sudan 435,668
42%
Skyscrapers per Capita 5 Panama 14.9
38%
Youngest Leaders (In Years Old) 7 Chad 39
31%
Oldest Leaders (In Years Old) 3 Vatican City 87
31%
Dates Production (In Tons) 9 South Sudan 432,100
28%
Youngest Leaders (In Years Old) 9 Mali 39
22%
Yearly Reading Hours 6 Czech Republic 384.8
21%
Oldest Leaders (In Years Old) 9 Namibia 82
20%
Yearly Reading Hours 10 Hungary 353.6
19%
Oldest Leaders (In Years Old) 1 Cameroon 91
17%
Youngest Leaders (In Years Old) 10 Georgia 40
17%
Youngest Leaders (In Years Old) 1 Burkina Faso 35
15%
Youngest Leaders (In Years Old) 4 Montenegro 37
11%
Oldest Leaders (In Years Old) 10 Equatorial Guinea 81
7%
No matching quizzes found
Score Distribution
Percent of People with Each Score
Percentile by Number Answered
Your Score History
You have not taken this quiz